Europe by Picture - Statistics

General Stats
  • This quiz has been taken 40 times
    30 since last reset
  • The average score is 6 of 12
Answer Stats
Picture Hint Answer % Correct
Country Greece
85%
Mountain Range Alps
81%
City Istanbul
81%
River Danube
70%
Island Group Shetland
70%
City Kiev
67%
Landmark Edinburgh Castle
44%
Country Netherlands
44%
City Reykjavik
44%
City St Petersburg
22%
Castle Neuschwanstein Castle
19%
Landmark Freedom Monument
7%
No matching quizzes found
Score Distribution
Percent of People with Each Score
Percentile by Number Answered
Your Score History
You have not taken this quiz since the last reset